00385nam a2200121Ia 4500003000400000005001700004008004100021040001800062041000800080100004500088245009400133260003600227OSt20260127115053.0211028s2017 xx 000 0 und d cAIMIT LIBRARY aeng aD Souza, Reenu; Kudtarkar Ravi.g1516121 aStudy on evaluation of employee engagement at e- line hospitality solutions Sharjah UAE / aMangalorebRavi Kudtarkarc2017